[Event "9th Ivan Cvitanovic Mem"]
[Site "Split CRO"]
[Date "2004.05.09"]
[Round "9"]
[White "Polak,T"]
[Black "Ljubicic,F"]
[Result "1/2-1/2"]
[WhiteElo "2487"]
[BlackElo "2416"]

1.d4 Nf6 2.c4 g6 3.Nc3 d6 4.Nf3 Bg7 5.e4 O-O 6.Be2 e5 7.O-O Na6 8.Be3 Ng4
9.Bg5 f6 10.Bc1 exd4 11.Nxd4 f5 12.f3 Ne5 13.f4 Nc6 14.Nxc6 bxc6 15.Bf3 Bd7
16.exf5 gxf5 17.Be3 Nc5 18.Bxc5 dxc5 19.Kh1 Rb8 20.Qc2 Bd4 21.Rad1 Qf6 22.Rd3 Rbd8
23.Ne2 Bc8 24.Rfd1 Rfe8  1/2-1/2

[Event "FSGM May"]
[Site "Budapest HUN"]
[Date "2004.05.11"]
[Round "11"]
[White "Kustar,S"]
[Black "Karatorossian,D"]
[Result "1/2-1/2"]
[WhiteElo "2351"]
[BlackElo "2401"]

1.d4 Nf6 2.c4 g6 3.Nc3 Bg7 4.e4 d6 5.Nf3 O-O 6.Be2 e5 7.O-O exd4 8.Nxd4 Nc6
9.Be3 Ng4 10.Bxg4 Bxg4 11.Qxg4 Nxd4 12.Rad1  1/2-1/2

[Event "Capablanca Mem Mixto"]
[Site "Havana CUB"]
[Date "2004.05.11"]
[Round "6"]
[White "Ordaz Valdes,L"]
[Black "Pina,S"]
[Result "0-1"]
[WhiteElo "2199"]
[BlackElo "2317"]

1.d4 Nf6 2.c4 g6 3.Nc3 Bg7 4.Nf3 d6 5.e4 O-O 6.Be2 Nbd7 7.O-O e5 8.Re1 c6
9.Bf1 a6 10.d5 c5 11.Rb1 Ne8 12.g3 f5 13.Ng5 Nc7 14.f4 exf4 15.Ne6 Nxe6 16.dxe6 Bd4+
17.Kh1 Ne5 18.exf5 fxg3 19.Nd5 Qh4 20.h3 Rxf5 21.Bg2 Bxe6 22.Nc7 Rf2  0-1

[Event "1st Open"]
[Site "Kranj SLO"]
[Date "2004.05.11"]
[Round "6"]
[White "Jeraj,Z"]
[Black "Podvrsnik,M"]
[Result "0-1"]
[WhiteElo "2115"]
[BlackElo "2221"]

1.d4 Nf6 2.Nf3 g6 3.c4 Bg7 4.Nc3 O-O 5.e4 d6 6.Be2 e5 7.d5 Nbd7 8.O-O h6
9.Ne1 Nc5 10.Bf3 a5 11.Be3 Bd7 12.Rb1 Kh8 13.b3 b6 14.a3 Ng8 15.b4 axb4 16.axb4 Na4
17.Nxa4 Bxa4 18.Qc1 b5 19.c5 f5 20.g3 Qf6 21.Bg2 f4 22.Bd2 h5 23.f3 Kh7 24.Nd3 Bh6
25.gxf4 Bxf4 26.Nxf4 exf4 27.Bc3 Qe7 28.Bb2 Nf6 29.Re1 Nd7 30.Qc3 Ne5 31.Kh1 g5
32.Rg1 g4 33.fxg4 f3 34.Bh3 f2 35.Rg3 hxg4 36.Bg2 Rf6 37.Rf1 Raf8 38.Bc1 Rg6
39.Be3 Nf3 40.Bxf2 Qxe4 41.cxd6 cxd6 42.h3 Qc4 43.Qe3 Ne5 44.Be4 Qxf1+ 45.Bg1 Bd1
46.Qa7+ Rf7 47.Bxg6+ Kxg6 48.Qe3 Bf3+ 49.Kh2 Bxd5 50.h4 Rf5 51.Qd2 Nf3+ 52.Rxf3 Qxf3
53.Qxd5 Qh3+  0-1

[Event "1st Open"]
[Site "Kranj SLO"]
[Date "2004.05.12"]
[Round "7"]
[White "Sebenik,M"]
[Black "Markun,B"]
[Result "1-0"]
[WhiteElo "2440"]
[BlackElo "2286"]

1.d4 Nf6 2.Nf3 g6 3.c4 Bg7 4.Nc3 O-O 5.e4 d6 6.Be2 e5 7.Be3 Nc6 8.d5 Ne7
9.Nd2 Ne8 10.O-O f5 11.f3 f4 12.Bf2 g5 13.b4 h5 14.c5 Nf6 15.Rc1 g4 16.cxd6 cxd6
17.Nb5 g3 18.hxg3 fxg3 19.Bxg3 Ng6 20.Nc7 h4 21.Bh2 Rb8 22.Ne6 Bxe6 23.dxe6 Nh5
24.Nc4 Qg5 25.e7 Qxe7 26.Qxd6 Qg5 27.Qe6+ Kh8 28.Qg4 Qxg4 29.fxg4 Nhf4 30.Bxf4 Nxf4
31.Bf3 Nd3 32.Rb1 Bh6 33.Rfd1 Rbd8 34.Be2 Nf4 35.Bf1 Rd4 36.Nxe5 Rxe4 37.Re1 Rxe1
38.Rxe1 Kg7 39.Nf3 Nh3+ 40.Kh2 Ng5 41.Nxh4 Rf2 42.Rd1 Nf7 43.Nf5+ Kf6 44.Bc4 Bf4+
45.Kg1 Rb2 46.Rf1 Rxb4 47.Rxf4 Kg5 48.Rd4 Ne5 49.Bb3 Rb6 50.Rd5 Nxg4 51.Ne3+ Kf4
52.Nxg4 Kxg4 53.Rd4+ Kg3 54.Rd3+ Kg4 55.Kf2 Rb4 56.Rc3 Rf4+ 57.Ke2 b5 58.Bd5 a6
59.Bf3+ Kg3 60.Bb7+ Kh2 61.Rh3+ Kg1 62.Rh1+  1-0

[Event "7th United Insurance"]
[Site "Dhaka BAN"]
[Date "2004.05.13"]
[Round "9"]
[White "Haque,R1"]
[Black "Chatterjee,D"]
[Result "0-1"]
[WhiteElo "2181"]
[BlackElo "2229"]

1.d4 g6 2.e4 Bg7 3.Nf3 d6 4.c4 Nf6 5.Nc3 O-O 6.Be2 e5 7.d5 a5 8.Bg5 h6 9.Bh4 Na6
10.O-O Qe8 11.Nd2 Bd7 12.b3 Nh7 13.f3 f5 14.a3 b6 15.Rb1 g5 16.Bf2 f4 17.b4 axb4
18.axb4 h5 19.Qb3 Kh8 20.Ra1 Bc8 21.b5 Nc5 22.Bxc5 Rxa1 23.Rxa1 dxc5 24.d6 Qd8
25.Nd5 Qxd6 26.Ra7 Nf6 27.Qd3 Rd8 28.Nb1 Nxd5 29.exd5 e4 30.Qxe4 Bd4+ 31.Kf1 Rf8
32.Bd3 Bf5 33.Qe2 Qg6 34.Bxf5 Qxf5 35.Qe4 Qxe4 36.fxe4 f3 37.gxf3 Rxf3+ 38.Ke2 Rf2+
39.Kd3 Be5 40.Ra8+ Kg7 41.Re8 Bxh2 42.e5 Kf7 43.Rh8 Bxe5 44.Rxh5 Kg6 45.Rh1 Bf4
46.Rd1 Kf5 47.Nc3 Rf3+ 48.Kc2 g4 49.Ne2 Rf2 50.Kd3 g3 51.Ng1 g2 52.Re1 Rf1  0-1

[Event "Capablanca Mem Mixto"]
[Site "Havana CUB"]
[Date "2004.05.14"]
[Round "8"]
[White "Pazos Gambarrotti,P"]
[Black "Pina,S"]
[Result "1/2-1/2"]
[WhiteElo "2353"]
[BlackElo "2317"]

1.d4 Nf6 2.Nf3 d6 3.c4 g6 4.Nc3 Bg7 5.e4 O-O 6.Be2 Nbd7 7.O-O e5 8.Re1 c6
9.Bf1 a6 10.b3 Re8 11.Bb2 b5 12.Rb1 Bb7 13.d5 cxd5 14.Nxd5 Nxd5 15.cxd5 f5
16.Bd3 fxe4 17.Bxe4 Rf8 18.Bc1 Bf6 19.Bh6 Rf7 20.Qd2 Nc5 21.Bc2 b4 22.Rbd1 a5
23.Ng5 Bxg5 24.Bxg5 Qb6 25.Be3 Rc8 26.Rc1 Qd8 27.Bg5 Qb6 28.Bb1 Nd7 29.Rxc8+ Bxc8
30.Be3 Qd8 31.Bd3 Bb7 32.Bc4 Nf6 33.Bg5 Qa8 34.f4 Bxd5 35.Bxf6 Bxc4 36.Qxd6 Qa7+
37.Kh1 Qf2 38.Rg1 Qd4 39.Qb8+ Rf8 40.Qxe5 Qxe5 41.Bxe5 Be6 42.Bc7 a4 43.Bd6 Ra8
44.Re1 axb3 45.axb3 Bxb3 46.Kg1 Rd8 47.Bxb4 Rd1  1/2-1/2

[Event "Invitational"]
[Site "Santa Monica USA"]
[Date "2004.05.14"]
[Round "4"]
[White "Golod,V"]
[Black "Matikozian,A"]
[Result "1-0"]
[WhiteElo "2552"]
[BlackElo "2467"]

1.d4 Nf6 2.c4 g6 3.Nc3 Bg7 4.e4 d6 5.Be2 O-O 6.Nf3 e5 7.O-O Na6 8.Re1 Qe8
9.Bg5 h6 10.Bxf6 Bxf6 11.c5 Nb8 12.Nd5 Bd8 13.cxd6 cxd6 14.dxe5 dxe5 15.Qc1 Be6
16.Qxh6 Bxd5 17.exd5 Nd7 18.Bb5 Bf6 19.Re3 Qe7 20.Rd1 Rfd8 21.d6 Qe6 22.Ng5 Bxg5
23.Qxg5 Rac8 24.Qe7 a6 25.Qxe6 fxe6 26.Bd3 Kf7 27.h4 Rc6 28.Be4 Rb6 29.Rg3 Rxb2
30.Rdd3 Nf8 31.h5 Rb1+ 32.Kh2 Rb4 33.Rdf3+ Kg7 34.Rg4 Rd4 35.hxg6 Rd7 36.Rh3 Rd8
37.Rf3 Rd7 38.Rh3 Rd8 39.Rh5 b5 40.Rxe5 R4xd6 41.Rc5 R8d7 42.Rf4 Re7 43.Rc8 Nxg6
44.Rg4 e5 45.Bxg6 Rxg6 46.Rg8+ Kxg8 47.Rxg6+ Kf7 48.Rxa6 Rc7 49.Kg3 b4 50.Kf3 Rc3+
51.Ke4 Rc2 52.Ke3 Rb2 53.g3 b3 54.axb3 Rxb3+ 55.Ke4 Rb2 56.f3 Rg2 57.g4 Re2+
58.Kf5 Re3 59.Rf6+ Kg7 60.Kg5 Ra3 61.Rf5 Re3 62.Kh5 Re1 63.Rg5+ Kf6 64.Kh6 e4
65.Rf5+ Ke6 66.fxe4 Rxe4 67.Kh5 Ra4 68.Rf1 Ke7 69.g5 Ra6 70.g6 Ra2 71.g7 Rh2+
72.Kg6 Rg2+ 73.Kh7 Rh2+ 74.Kg8 Rg2 75.Re1+ Kf6 76.Kf8  1-0

[Event "22nd LIE-Open"]
[Site "Triesen LIE"]
[Date "2004.05.14"]
[Round "1"]
[White "Sarakauskas,G"]
[Black "Maurer,F"]
[Result "1-0"]
[WhiteElo "2430"]
[BlackElo "2088"]

1.d4 Nf6 2.c4 g6 3.Nc3 Bg7 4.e4 d6 5.Nf3 O-O 6.Be2 e5 7.Be3 c6 8.O-O Nbd7
9.d5 c5 10.Ne1 Ne8 11.Nd3 f5 12.f4 Qe7 13.exf5 gxf5 14.Kh1 e4 15.Nf2 Ndf6
16.Rb1 Kh8 17.Qc2 Nc7 18.a3 b5 19.b3 a5 20.a4 bxa4 21.bxa4 Na6 22.Nb5 Nb4
23.Qd1 Bd7 24.Rb3 Bxb5 25.axb5 Nd7 26.g4 Nb6 27.gxf5 a4 28.Ra3 Rxf5 29.Bg4 Rff8
30.Qe2 Nd3 31.Nxd3 Nxc4 32.Bc1 Qh4 33.Nxc5 Nxa3 34.Ne6 Nxb5 35.Nxg7 Nc3 36.Qg2 a3
37.Be6 Ra4 38.Bd7 Rc4 39.Rg1 Qf6 40.Ne8 Qg6 41.Qf2  1-0

[Event "Capablanca Mem Premier I"]
[Site "Havana CUB"]
[Date "2004.05.15"]
[Round "9"]
[White "Gonzalez Garcia,J"]
[Black "Lopez Martinez,J"]
[Result "1/2-1/2"]
[WhiteElo "2443"]
[BlackElo "2440"]

1.d4 Nf6 2.c4 d6 3.Nc3 g6 4.e4 Bg7 5.Be2 O-O 6.Nf3 Na6 7.O-O e5 8.Re1 c6
9.Bf1 Bg4 10.Be3 Bxf3 11.Qxf3 Ng4 12.Qxg4 exd4 13.Bg5 f6 14.Bd2 f5 15.Qh3 dxc3
16.Bxc3 Bxc3 17.Qxc3 fxe4 18.Rxe4 Nc5 19.Re3 a5 20.Rd1 Rf6 21.Re8+ Qxe8 22.Qxf6 Qe5
23.Qxd6 Qxd6 24.Rxd6 Kf7 25.f3 Ke7 26.Rd2 Rd8 27.Rxd8 Kxd8 28.a3 Na4 29.b4 axb4
30.axb4 Nc3 31.b5 Kc7 32.Kf2 cxb5 33.cxb5 Kb6 34.Ke3 Nxb5 35.Kf4 Kc5 36.Kg5 Nd6
37.g4 Kd4 38.Kh6 Ke3 39.Kxh7 Kxf3 40.g5 Kg4  1/2-1/2

[Event "ch-URU"]
[Site "Montevideo URU"]
[Date "2004.05.15"]
[Round "2"]
[White "Roselli Mailhe,B"]
[Black "Muniz,R"]
[Result "1-0"]
[WhiteElo "2420"]
[BlackElo "2233"]

1.d4 Nf6 2.c4 g6 3.Nc3 Bg7 4.e4 d6 5.Nf3 O-O 6.Be2 e5 7.Be3 exd4 8.Nxd4 Re8
9.f3 c6 10.Qd2 d5 11.exd5 cxd5 12.c5 Nc6 13.Bf2 Ne5 14.b3 Nfd7 15.Nc2 d4
16.Nxd4 Nxc5 17.O-O Ne6 18.Rad1 Nxd4 19.Bxd4 Nc6 20.Bxg7 Qxd2 21.Rxd2 Kxg7
22.Rfd1 Be6 23.Ne4 Rad8 24.Nd6 Re7 25.Bb5 Red7 26.Kf2 Kf8 27.Ke3 Ke7 28.Nxb7 Rxb7
29.Bxc6 Rxd2 30.Rxd2 Rc7 31.Be4 h6 32.Rc2 Rd7 33.h4 g5 34.hxg5 hxg5 35.g4 Kf6
36.Rc5 Rd6 37.Ra5 Rd7 38.b4 Rc7 39.a3 Ke7 40.Kd4 Rd7+ 41.Bd5 f6 42.Ke4 Rc7
43.Bxe6 Kxe6 44.Ra6+ Ke7 45.Kf5 Rb7 46.Re6+ Kd7 47.Kxf6  1-0

[Event "TCh-SCG"]
[Site "Petrovac SCG"]
[Date "2004.05.16"]
[Round "1"]
[White "Cabrilo,G"]
[Black "Todorovic,J"]
[Result "1-0"]
[WhiteElo "2487"]
[BlackElo "2392"]

1.c4 Nf6 2.Nc3 g6 3.e4 d6 4.d4 Bg7 5.Be2 O-O 6.Nf3 e5 7.d5 a5 8.Bg5 h6 9.Bh4 Na6
10.Nd2 Nc5 11.O-O Bd7 12.Qc2 Qb8 13.Kh1 Nh7 14.b3 h5 15.f3 Bh6 16.Rad1 Be3
17.a3 Kg7 18.Bf2 Bxf2 19.Rxf2 Qa7 20.Rff1 a4 21.b4 Nb3 22.Qb2 h4 23.f4 h3
24.g3 Nd4 25.fxe5 dxe5 26.c5 Nf6 27.Nc4 Rae8 28.Nxe5 Rxe5 29.Rxd4 Rfe8 30.Rd3 Nh7
31.Rdf3 Ng5 32.Rf4 Kg8 33.Bd3 Qa8 34.Qf2 Rf8 35.Qd4 Qe8 36.Bc4 Nh7 37.d6 Ng5
38.Nd5 Rxd5 39.Bxd5 cxd6 40.Qf6 Qe5 41.Qxg6+ Qg7 42.Qxg7+ Kxg7 43.cxd6 b6
44.Rc1 Bb5 45.Kg1 f6 46.Rc7+ Kg6 47.e5  1-0

[Event "Invitational"]
[Site "Santa Monica USA"]
[Date "2004.05.16"]
[Round "6"]
[White "Kraai,J"]
[Black "Matikozian,A"]
[Result "1/2-1/2"]
[WhiteElo "2446"]
[BlackElo "2467"]

1.Nf3 Nf6 2.c4 g6 3.Nc3 Bg7 4.e4 d6 5.d4 O-O 6.Be2 e5 7.O-O Na6 8.Be3 Ng4
9.Bg5 Qe8 10.dxe5 dxe5 11.h3 f6 12.Bd2 Nh6 13.c5 c6 14.Be3 Nf7 15.Nd2 f5
16.f3 Nc7 17.Bc4 Ne6 18.Bxe6 Bxe6 19.Qe2 f4 20.Bf2 g5 21.Nc4 h5 22.Rad1 Qe7
23.Nd6 Nh6 24.Nf5 Nxf5 25.exf5 Bxf5 26.Rd6 Rfd8 27.Rfd1 Rxd6 28.Rxd6 Rd8
29.Qd1 Rf8 30.Qe2 Rf6 31.Ne4 Rg6 32.g4 fxg3 33.Nxg3 Qf7 34.Rd8+ Kh7 35.Nxh5 Bxh3
36.Nxg7 Qxg7 37.Qe4 Be6 38.Bg3 Bd5 39.Qf5 Be6 40.Qxe5 Qxe5 41.Bxe5 Rg8  1/2-1/2

[Event "TCh-SCG"]
[Site "Petrovac SCG"]
[Date "2004.05.17"]
[Round "2"]
[White "Marcetic,N"]
[Black "Pavlovic,Neb"]
[Result "0-1"]
[WhiteElo "2399"]
[BlackElo "2288"]

1.d4 Nf6 2.c4 g6 3.Nc3 Bg7 4.e4 d6 5.Nf3 O-O 6.Be2 e5 7.Be3 Nc6 8.d5 Ne7
9.Nd2 Ne8 10.c5 f5 11.f3 Kh8 12.O-O Ng8 13.Nc4 Bh6 14.Bxh6 Nxh6 15.cxd6 cxd6
16.f4 exf4 17.Rxf4 g5 18.Rf2 f4 19.Qd4+ Kg8 20.g3 Bg4 21.gxf4 gxf4 22.Bxg4 Nxg4
23.Rg2 Qh4 24.e5 h5 25.Rf1 f3 26.Rgf2 Rf7 27.Ne4 dxe5 28.Nxe5 Nxe5 29.Qxe5 Re7
30.Qg5+ Rg7 31.Qxg7+ Nxg7 32.Ng3 Qg4  0-1

[Event "Hostan Open"]
[Site "Znojmo CZE"]
[Date "2004.05.17"]
[Round "3"]
[White "Vokac,M"]
[Black "Jasny,S"]
[Result "1/2-1/2"]
[WhiteElo "2462"]
[BlackElo "2249"]

1.Nf3 Nf6 2.c4 g6 3.Nc3 Bg7 4.e4 d6 5.d4 O-O 6.Be2 e5 7.O-O Nbd7 8.Re1 c6
9.Bf1 Qb6 10.h3 exd4 11.Nxd4 Ng4 12.hxg4 Qxd4 13.Be3 Qe5 14.g5 Qe7 15.Qd2 Ne5
16.f3 Be6 17.b3 Rad8 18.Rad1 Rd7 19.f4 Ng4 20.Bd4 f6 21.Be2 Qd8 22.f5 gxf5
23.exf5 Bxf5 24.Rf1 Be6 25.Ne4 fxg5 26.Rxf8+ Qxf8 27.Nxg5 Qf5 28.Bxg4 Qxg4
29.Bxa7 Re7 30.Nxe6 Qxe6 31.Qxd6 Qxd6 32.Rxd6 Rf7 33.a4  1/2-1/2

[Event "Hostan Open"]
[Site "Znojmo CZE"]
[Date "2004.05.17"]
[Round "3"]
[White "Duhayon,Y"]
[Black "Slaby,J"]
[Result "0-1"]
[WhiteElo "2250"]
[BlackElo "2377"]

1.d4 Nf6 2.Nf3 g6 3.c4 Bg7 4.Nc3 O-O 5.e4 d6 6.Be2 e5 7.d5 a5 8.Nd2 Na6 9.h4 h5
10.Nf3 Nc5 11.Ng5 c6 12.Be3 Bd7 13.f3 a4 14.Qd2 Qa5 15.O-O cxd5 16.Nxd5 Qxd2
17.Bxd2 Nxd5 18.cxd5 Bh6 19.Be3 f6 20.Bxc5 dxc5 21.Ne6 Be3+ 22.Kh2 Rfc8 23.g3 Bxe6
24.dxe6 c4 25.f4 Bd4 26.Rab1 a3 27.bxa3 Rxa3 28.Kh1 Rxa2 29.Bd1 c3 30.Bb3 Rb2
31.Rxb2 cxb2 32.e7+ Kg7 33.Ba4 Kf7 34.e8=Q+ Rxe8 35.Bxe8+ Kxe8 36.Rb1 f5
37.exf5 gxf5 38.fxe5 Ke7 39.Kg2 Ke6 40.Kf3 Kxe5 41.Ke2 Ke4 42.Kd2 Be3+  0-1

[Event "TCh-SCG"]
[Site "Petrovac SCG"]
[Date "2004.05.18"]
[Round "3"]
[White "Pavlovic,G1"]
[Black "Djukic,Ni"]
[Result "1/2-1/2"]
[WhiteElo "2352"]
[BlackElo "2449"]

1.d4 Nf6 2.c4 g6 3.Nc3 Bg7 4.e4 d6 5.Nf3 O-O 6.Be2 e5 7.d5 a5 8.Be3 Ng4 9.Bg5 f6
10.Bh4 g5 11.Bg3 Nh6 12.Nd2 f5 13.exf5 Bxf5 14.Nde4 Nd7 15.h3 b6 16.Qd2 g4
17.hxg4 Nxg4 18.Rh5 Bxe4 19.Nxe4 Ngf6 20.Nxf6+ Qxf6 21.O-O-O a4 22.Bd3 h6
23.Bf5 Nc5 24.Bh4 Qf7 25.Qe2 Qe8 26.Qg4 b5 27.Rh1 Rxf5 28.Rxf5 Kh7 29.Bf6 Qg6
30.Bg5 bxc4 31.Rh4 Nd3+ 32.Kd2 Rb8 33.Be3 Rxb2+ 34.Kc3 a3 35.Qe4 Nb4 36.Kxc4 c6
37.Rxh6+ Bxh6 38.Rf7+ Bg7 39.Qh4+ Kg8 40.Rxg7+ Qxg7 41.Qd8+ Kh7 42.Qh4+ Kg8
43.Qd8+ Kh7 44.Qh4+  1/2-1/2

[Event "Summer I"]
[Site "Alushta UKR"]
[Date "2004.05.19"]
[Round "9"]
[White "Shtyrenkov,V"]
[Black "Svirjov,I"]
[Result "1/2-1/2"]
[WhiteElo "2449"]
[BlackElo "2450"]

1.d4 g6 2.e4 Bg7 3.c4 d6 4.Nc3 Nf6 5.Nf3 O-O 6.Be2 e5 7.dxe5 dxe5 8.Qxd8 Rxd8
9.Bg5 Nbd7 10.O-O-O Rf8 11.Nd5 c6 12.Ne7+ Kh8 13.Be3 Re8 14.Nxc8 Raxc8 15.c5 Bf8
16.b4 b6 17.Ng5 Kg8 18.Bc4 Re7 19.cxb6 axb6 20.f3 b5 21.Bb3 h6 22.Nh3 Ree8
23.a3 c5  1/2-1/2

[Event "TCh-SCG"]
[Site "Petrovac SCG"]
[Date "2004.05.19"]
[Round "4"]
[White "Markus,R"]
[Black "Djukic,Ni"]
[Result "1-0"]
[WhiteElo "2532"]
[BlackElo "2449"]

1.d4 Nf6 2.c4 g6 3.Nc3 Bg7 4.e4 d6 5.Nf3 O-O 6.Be2 e5 7.d5 a5 8.h3 Nfd7 9.h4 Nf6
10.Ng5 Na6 11.g4 Nc5 12.f3 h5 13.Be3 c6 14.Rg1 a4 15.Qd2 Qa5 16.O-O-O cxd5
17.exd5 e4 18.Ncxe4 Ncxe4 19.Qxa5 Rxa5 20.Nxe4 Nxe4 21.fxe4 Re8 22.gxh5 Rxe4
23.Kd2 gxh5 24.Rg5 Bg4 25.Rg1 Kf8 26.Kd3 Rxe3+ 27.Kxe3 Bh6 28.Bxg4 hxg4 29.Kd4 Bxg5
30.hxg5 Rc5 31.Rxg4 b5 32.b3 axb3 33.axb3 bxc4 34.b4 Rc8 35.Kc3 Kg7 36.Rxc4 Rf8
37.b5 Kg6 38.b6 Kxg5 39.b7 Rb8 40.Rc7 f5 41.Kc4 Kf6 42.Kb5 Ke5 43.Kc6 f4
44.Re7+ Kd4 45.Kxd6 Rf8 46.Rf7 Rxf7 47.b8=Q f3 48.Qb6+ Ke4 49.Qf2 Rf5 50.Kc6 Rxd5
51.Qh4+ Ke3 52.Kxd5 f2 53.Qc4  1-0

[Event "22nd LIE-Open"]
[Site "Triesen LIE"]
[Date "2004.05.20"]
[Round "7"]
[White "Martinovic,Sa"]
[Black "Eiler,G"]
[Result "1/2-1/2"]
[WhiteElo "2171"]
[BlackElo "2091"]

1.d4 Nf6 2.c4 g6 3.Nc3 Bg7 4.e4 d6 5.Nf3 O-O 6.Be2 e5 7.O-O Nbd7 8.d5 Nc5
9.Qc2 a5 10.Bg5 h6 11.Be3 b6 12.a3 Ng4 13.b4 Nxe3 14.fxe3 Nb7 15.Rac1 Qe7
16.Ne1 f5 17.Nd3 fxe4 18.Rxf8+ Bxf8 19.Nxe4 Qh4 20.Ng3 Qg5 21.Nf2 Kg7 22.Qc3 Bd7
23.Nge4 Qe7 24.Rf1 Kh8 25.Nd3 Bf5 26.Ng3 Bd7 27.c5 axb4 28.axb4 bxc5 29.bxc5 Nxc5
30.Nxc5 dxc5 31.Bd3 Kg7 32.Bc4 Be8 33.Rf5 Kh7 34.Rf3 Bg7 35.Ne4 Rb8 36.h3 Rb4
37.Qd3 Rb6 38.g4 Qh4 39.Rf2 Qxh3 40.Ng5+ hxg5 41.Rh2 Qxh2+ 42.Kxh2 Bf8 43.d6 Rxd6
44.Qf1 Kg7 45.Qa1 Rf6 46.Kg1  1/2-1/2

[Event "TCh-NOR Final"]
[Site "Trondheim NOR"]
[Date "2004.05.20"]
[Round "2"]
[White "Fyllingen,R"]
[Black "Lie,K"]
[Result "0-1"]
[WhiteElo "2374"]
[BlackElo "2430"]

1.d4 Nf6 2.c4 g6 3.Nc3 Bg7 4.e4 d6 5.Nf3 O-O 6.Be2 e5 7.d5 Na6 8.Bg5 h6 9.Bh4 Qe8
10.Nd2 Nh7 11.O-O f5 12.exf5 gxf5 13.Bh5 Qd7 14.f4 e4 15.Nb3 Nc5 16.Nxc5 dxc5
17.Bf2 b6 18.h3 Nf6 19.Be2 Ne8 20.Qd2 Nd6 21.Rac1 Bf6 22.a3 Qg7 23.b4 Nb7
24.Rfd1 Kh8 25.Bf1 Rg8 26.Rc2 Bd7 27.Nb5 Be8 28.bxc5 Nxc5 29.Rb1 Nd3 30.Be3 Bh5
31.Kh1 a6 32.Nxc7 Qxc7 33.Rxb6 Qg7 34.Bxd3 exd3 35.Qxd3 Rab8 36.Rxb8 Rxb8
37.Kh2 Rg8 38.Bc1 Kh7 39.g3 Re8 40.c5 Re4 41.c6 Rd4 42.Qxd4 Bxd4 43.c7 Bg1+
44.Kg2 Qd4  0-1

[Event "TCh-NOR Final"]
[Site "Trondheim NOR"]
[Date "2004.05.20"]
[Round "2"]
[White "Tallaksen,G"]
[Black "Gullaksen,E"]
[Result "1-0"]
[WhiteElo "2360"]
[BlackElo "2376"]

1.d4 Nf6 2.c4 g6 3.Nc3 Bg7 4.e4 d6 5.Nf3 O-O 6.Be2 e5 7.O-O Nh5 8.Bg5 f6
9.Be3 Nf4 10.Bxf4 exf4 11.c5 dxc5 12.dxc5 c6 13.Bc4+ Kh8 14.Qxd8 Rxd8 15.Rfd1 Re8
16.Nd4 Bf8 17.b4 a5 18.a3 Nd7 19.Ne6 Rb8 20.Nxf8 Rxf8 21.Be6 Ne5 22.Bxc8 Rfxc8
23.Ne2 g5 24.Nd4 Rd8 25.Nf5 Kg8 26.Rd6 Rxd6 27.Nxd6 b6 28.cxb6 axb4 29.b7 bxa3
30.Rxa3 Kf8 31.Ra8 Nd7 32.Nc4 Ke7 33.Na5 Kd6 34.e5+ fxe5 35.Ra6 Kd5 36.f3 h5
37.h3 Kc5 38.Rxc6+ Kb5 39.Rc7 Kxa5 40.Rxd7 Kb6 41.Re7 Rxb7 42.Re6+ Ka7 43.Rxe5 Rg7
44.h4 gxh4 45.Kh2 Rf7 46.Rb5 Ka6 47.Rb2 Rf5 48.Kh3 Ka5 49.Kxh4 Ka6 50.Rb8 Ka7
51.Rh8 Kb6 52.Rxh5 Rf8 53.Kg4 Kc6 54.Rf5 Rg8+ 55.Rg5 Rf8 56.Rf5 Rg8+ 57.Kxf4 Rxg2
58.Rf7 Kd6 59.Kf5 Rf2 60.f4 Rf1 61.Kg6 Rf2 62.f5 Rf1 63.Kf6 Rg1 64.Re7 Rf1
65.Re2 Kd7 66.Kg6  1-0

[Event "5th IECC"]
[Site "Antalya TUR"]
[Date "2004.05.21"]
[Round "6"]
[White "Stocek,J"]
[Black "Kempinski,R"]
[Result "0-1"]
[WhiteElo "2543"]
[BlackElo "2586"]

1.d4 Nf6 2.c4 g6 3.Nc3 Bg7 4.e4 O-O 5.Nf3 d6 6.Be2 e5 7.O-O Qe8 8.Re1 exd4
9.Nxd4 Nxe4 10.Nd5 Qd8 11.Bf3 Nxf2 12.Qd2 Ng4 13.Bxg4 Bxg4 14.Qf2 Be6 15.Rxe6 fxe6
16.Nxe6 Rxf2 17.Nxd8 Rf8 18.Ne6 Na6 19.Nxf8 Rxf8 20.Be3 Re8 21.Kf2 Re4 22.Rc1 c6
23.Nf4 Nc5 24.Kf3 Bxb2 25.Rd1 Rxc4 26.Rxd6 Be5 27.Rd8+ Kf7 28.Ne2 h5 29.g3 a6
30.h4 Bc7 31.Rh8 Ne6 32.Rh7+ Ke8 33.Bg5 Bd6 34.Rxb7 Ra4 35.Bf4 Bxf4 36.gxf4 Ra3+
37.Rb3 Rxa2 38.Re3 Kf7 39.Nc1 Nd4+ 40.Ke4 Ra4 41.Ke5 Nf5 42.Rc3 Nxh4 43.Ne2 Ra5+
44.Ke4 c5 45.Ng3 Ke6  0-1

[Event "2nd Leonine GM"]
[Site "Dhaka BAN"]
[Date "2004.05.21"]
[Round "4"]
[White "Sandipan,C"]
[Black "Abdul,Mal"]
[Result "1-0"]
[WhiteElo "2561"]
[BlackElo "2243"]

1.e4 g6 2.d4 Bg7 3.Nf3 d6 4.c4 Nf6 5.Nc3 O-O 6.Be2 e5 7.Be3 Ng4 8.Bg5 f6
9.Bc1 Nh6 10.d5 Nd7 11.h4 a5 12.h5 g5 13.Nh2 Nc5 14.g4 Bd7 15.Be3 b6 16.b3 Nf7
17.Nf1 h6 18.f3 Qe7 19.Qc2 Rfc8 20.Bf2 Qe8 21.Nd2 Nd8 22.O-O c6 23.a3 Rab8
24.b4 Na6 25.dxc6 Nxc6 26.c5 Nd4 27.Bxd4 exd4 28.Bxa6 dxc3 29.Bxc8 Qxc8 30.Nc4 dxc5
31.bxa5 b5 32.Nb6 Qc7 33.Nxd7 Qxd7 34.Rfd1 Qc7 35.Kg2 Qxa5 36.Rd7 Kh8 37.e5 fxe5
38.Rad1 Rg8 39.R1d6 e4 40.Qxe4  1-0

[Event "TCh-SCG"]
[Site "Petrovac SCG"]
[Date "2004.05.21"]
[Round "6"]
[White "Katanic Vujic,P"]
[Black "Rasic,G"]
[Result "1/2-1/2"]
[WhiteElo "2302"]
[BlackElo "2246"]

1.Nf3 Nf6 2.c4 g6 3.Nc3 Bg7 4.e4 d6 5.d4 O-O 6.Be2 e5 7.Be3 Ng4 8.Bg5 f6
9.Bc1 Nh6 10.h3 Nc6 11.Be3 Nf7 12.Qd2 exd4 13.Nxd4 Re8 14.O-O Nxd4 15.Bxd4 Ng5
16.Bd3 Bxh3 17.f4 Ne6 18.Be3 Bg4 19.f5 Nf8 20.Bc2 Kh8 21.Ba4 Re7 22.Bd4 gxf5
23.exf5 c6 24.Qf4 Be2 25.Nxe2 Rxe2 26.Rae1 Rxe1 27.Rxe1 Qd7 28.Bc2 Rd8 29.Qe3 d5
30.Bxa7 d4 31.Qe7 d3 32.Bd1 Ra8 33.Qxd7 Nxd7 34.Re7  1/2-1/2

[Event "TCh-SCG"]
[Site "Petrovac SCG"]
[Date "2004.05.21"]
[Round "6"]
[White "Jovanovic,Zo1"]
[Black "Simic,Dragi"]
[Result "1-0"]
[WhiteElo "2360"]
[BlackElo "2322"]

1.d4 Nf6 2.c4 g6 3.Nc3 Bg7 4.e4 d6 5.Nf3 O-O 6.Be2 e5 7.O-O exd4 8.Nxd4 Re8
9.f3 Nc6 10.Be3 Nh5 11.Qd2 Nf4 12.Rfd1 Nxe2+ 13.Ndxe2 Be6 14.b3 b6 15.Rac1 f5
16.Bh6 Qf6 17.Nd5 Qf7 18.Bxg7 Qxg7 19.Ng3 Kh8 20.exf5 Bxf5 21.Qc3 Rac8 22.Nxf5 gxf5
23.Qxg7+ Kxg7 24.Re1 Ne5 25.Rcd1 Kf7 26.Kf2 Ng6 27.Rxe8 Kxe8 28.Nf6+ Kf7
29.Nxh7 Nf4 30.Ng5+ Kf6 31.h4 a6 32.g3 Ne6 33.Nxe6 Kxe6 34.Ke3 b5 35.h5 bxc4
36.bxc4 Rb8 37.h6 Kf7 38.Kf4 Rb4 39.Kg5 Rxc4 40.Rd5  1-0

[Event "XII Guillermo Garcia Prem II"]
[Site "Santa Clara CUB"]
[Date "2004.05.21"]
[Round "1"]
[White "Labollita,M"]
[Black "De la Paz,F"]
[Result "0-1"]
[WhiteElo "2452"]
[BlackElo "2449"]

1.Nf3 Nf6 2.c4 g6 3.Nc3 Bg7 4.e4 d6 5.d4 O-O 6.Be2 Nbd7 7.O-O e5 8.Be3 Ng4
9.Bg5 f6 10.Bc1 Nh6 11.Rb1 Nf7 12.b4 f5 13.d5 Nf6 14.Ng5 f4 15.Nxf7 Rxf7
16.g4 h5 17.gxh5 g5 18.f3 Bf8 19.Rf2 Rh7 20.Rg2 Rxh5 21.Rb2 Bh3 22.Rf2 Kf7
23.Kh1 Be7 24.c5 Rh4 25.Rc2 Qh8 26.Nb5 g4 27.Bf1 Rg8 28.cxd6 cxd6 29.Bxh3 Rxh3
30.Bxf4 g3 31.Rg2 exf4 32.e5 dxe5 33.d6 Bd8 34.Qd3 Qh5 35.Qb3+ Kg7 36.Nc7 Kh8
37.Ne6 Bb6 38.Nc5 Qf5 39.Qc3 Nd5 40.Qb2 Ne3 41.Rce2 Nxg2 42.Rxe5 Rxh2+ 43.Kg1 Rh1+
44.Kxh1 Qh3+  0-1

[Event "TCh-SCG"]
[Site "Petrovac SCG"]
[Date "2004.05.22"]
[Round "7"]
[White "Jovanovic,Zo1"]
[Black "Arsovic,G"]
[Result "0-1"]
[WhiteElo "2360"]
[BlackElo "2397"]

1.d4 Nf6 2.c4 g6 3.Nc3 Bg7 4.e4 d6 5.Nf3 O-O 6.Be2 e5 7.O-O Na6 8.Re1 c6
9.d5 c5 10.Bg5 h6 11.Bh4 Qd7 12.Nd2 Nh7 13.Bg3 h5 14.h3 Bh6 15.Bd3 Qe7 16.Ne2 h4
17.Bh2 Bxh3 18.gxh3 Qg5+ 19.Kh1 Qxd2 20.Qb3 Qb4 21.Qc2 Qb6 22.a3 Nb8 23.Rg1 Nd7
24.Rg4 Nhf6 25.Rxh4 Bg5 26.Bg3 Bxh4 27.Bxh4 Kg7 28.Bg5 Rh8 29.Kg2 Rh5 30.Bd2 Rah8
31.Rh1 Qc7 32.Qb3 Rh4 33.Bg5 Nxe4 34.Bxh4 Rxh4 35.Bxe4 Rxe4 36.Qd3 Rh4 37.b3 Qd8
38.Qg3 Kh6 39.Qc3 Qg5+ 40.Kf1 b6 41.Qd3 Kh7 42.Nc3 a6 43.Qg3 Qh6 44.Ne2 Nf6
45.Qe3 Qxe3 46.fxe3 Ng4 47.Kg2 Nxe3+ 48.Kf2 Nf5 49.Kg2 Re4 50.Kf2 Rxe2+ 51.Kxe2 Ng3+
52.Kf3 Nxh1  0-1

[Event "29th Elekes Mem GM"]
[Site "Budapest HUN"]
[Date "2004.05.23"]
[Round "9"]
[White "Danner,G"]
[Black "Poulsen,Ma"]
[Result "1/2-1/2"]
[WhiteElo "2393"]
[BlackElo "2290"]

1.d4 Nf6 2.Nf3 g6 3.c4 Bg7 4.Nc3 O-O 5.e4 d6 6.Be2 e5 7.d5 Nbd7 8.O-O a5
9.Qc2 Nc5 10.Bg5 h6 11.Be3 Nh5 12.Rfe1 Bg4 13.Nd2 Bxe2 14.Nxe2 f5 15.f3 Nf4
16.Nxf4 exf4 17.Bf2 b6 18.exf5 gxf5 19.Nb3 Nxb3 20.Qxb3 Be5 21.Rad1 Qf6 22.Re2 Rae8
23.Kf1 Re7 24.Rde1 Rg7 25.Qc2 Kh8 26.Bg1 Rfg8 27.a3 a4 28.Rd2 Qg6 29.c5 bxc5
30.Bxc5 Qf6 31.Bg1 Rb8 32.Qxa4 Kh7 33.Ree2 Bxb2 34.Qxf4 Bc1 35.Qd4 Qg5 36.Rd1 Bxa3
37.Qe3 Qxe3 38.Bxe3 Rb3 39.Bd4 Rf7 40.f4 Rb5 41.Ba1 Rb8 42.g3 Bc5 43.Kg2 c6
44.dxc6 Rc8 45.Rde1 Rxc6 46.Re8 d5 47.Rh8+ Kg6 48.Rg8+ Kh7 49.Rh8+ Kg6 50.Rd8 Bb4
51.Rd1 Rc2+ 52.Kh3 Ra7 53.R8xd5 Raa2 54.Rh1 Bc5 55.Bd4 Bxd4 56.Rxd4 Rg2 57.Rd6+ Kg7
58.Rb6 Rac2 59.Rbb1 Ra2 60.Rbg1 Rgf2 61.Rf1 Rg2 62.Rb1 Rac2 63.Rbg1 Rgf2
64.Ra1  1/2-1/2